| 000 | 00716nam a2200229Ia 4500 | ||
|---|---|---|---|
| 003 | OSt | ||
| 005 | 20220929112321.0 | ||
| 008 | 210716s2017 xx 000 0 und d | ||
| 020 | _a9781787127630 | ||
| 040 | _cAIMIT LIBRARY | ||
| 041 | _aeng | ||
| 082 |
_a005.448 _21 _bCHAL |
||
| 100 |
_aChan, Lucas. _958756 |
||
| 245 |
_aAWS administration cookbook : _bharness the full capability of AWS / _cBy Lucas Chan and Rowan Udell. |
||
| 250 | _a1st ed. | ||
| 260 |
_aMumbai : _bPackt Publishing Ltd , _c2017 . |
||
| 300 |
_ax, 373p. ; _bPB _c23.5 cm. |
||
| 650 |
_aStorage and content delivery _958757 |
||
| 650 |
_aDatabase services _958758 |
||
| 700 |
_aUdell, Rowan. _958759 |
||
| 942 |
_2ddc _cBK _e1st _k005.448 CHAL |
||
| 999 |
_c196530 _d196530 |
||